Los incidentes de verificación tardía y de revisión y el tema de las costas (Registro nro. 11547)

Detalles MARC
000 -LEADER
fixed length control field 00347 a2200109 4500
001 - CONTROL NUMBER
control field ART_6776
005 - DATE AND TIME OF LATEST TRANSACTION
control field 20260410161621.0
008 - FIXED-LENGTH DATA ELEMENTS--GENERAL INFORMATION
fixed length control field 260409a
100 1# - MAIN ENTRY--PERSONAL NAME
Personal name Truffat, Edgardo Daniel
245 10 - TITLE STATEMENT
Title Los incidentes de verificación tardía y de revisión y el tema de las costas
773 0# - HOST ITEM ENTRY
Title Enfoques
Related parts - Nº 5 (may. 2010)
Record control number REV416

No hay ítems disponibles.